Представление документа в формате MARC21

Поле Инд. ПП Название Значение
Тип записи a
Библиографический уровень a
001 Контрольный номер 0fad2916ce5c4045969e3a06376081b6
005 Дата корректировки 20221206134343.4
041 0_ a Код языка текста rus
080 a Индекс УДК 378.1
097 b Оператор *Т*
100 1_ a Автор Томашова В.А.
245 10 a Заглавие Особенности применения дистанционного формата при обучении студентов технических специальностей
p Название части/ раздела - Текст : электронный
b Продолж. заглавия статья
260 a Место издания Тверь
b Издательство ТвГТУ
520 0_ a Аннотация в статье рассматривается одна из проблем современного образования, связанная с внедрением в процесс обучения дистанционных технологий. Повсеместное вынужденное, весьма активное применение неапробированных методов чревато разбалансированием учебного процесса и труднопрогнозируемыми результатами, что в свою очередь связано с риском возникновения дополнительных угроз для социально-экономического развития региона. Представлен анализ основных трудностей дистанционного обучения по инженерно- техническим направлениям подготовки, а также рекомендован перечень мероприятий по совершенствованию учебного процесса.
653 0_ a Ключевые слова дистанционное обучение, образование, техническая специальность, кадровый дефицит, лекционные занятия, лабораторные работы, практические занятия
700 12 a Другие авторы Мельников А.А.
700 12 a Другие авторы Баркая Т.Р.
700 12 a Другие авторы Бровкин А.В.
773 18 w Контрольный № источника 583c1ac9500744d7bd4f2de48d7f6782
t Название источника Актуальные проблемы качества образования в высшей школе : материалы докладов научно-практической конференции / под редакцией В.Б. Петропавловской
d Место и дата издания Тверь : Тверской государственный технический университет, 2022
g Прочая информация С. 141-147
773 18 z ISBN 978-5-7995-1226-2
901 t Тип документа a
905 a Дата создания записи 27.10.22
950 a Редактор записи вш
951 i EL-ТГТУ? Да